000 00361nam a2200133Ia 4500
008 220216s9999 xx 000 0 und d
100 _aChasar D W
245 0 _aModifying the performance of sulfenamide accelerators with thiurams
260 _bRubber World
_c2002
300 _a26-31
650 _aSulfenamide accelerators
650 _aThiurams
942 _cJS
999 _c63138
_d63138